000
00261nam a2200109Ia 4500
999
_c
7388
_d
7388
020
_a
9780130872180
100
_a
Wells Burnett Moriarty
245
0
_a
Advertising Principles and Practice
260
_a
News Delhi
_b
McGraw-Hill
_c
2002
300
_a
562
942
_c
BK